| 000 | 00436 a2200133 4500 | ||
|---|---|---|---|
| 001 | 87924 | ||
| 082 | _aPR 252 | ||
| 090 |
_c41392 _d41392 |
||
| 100 | _aAun Haider; Messam Abbas Naqvi, Prof | ||
| 245 |
_aConceptual design of solar powered long endurance UAV to be utilized for security/ surveillance of gas and oil piplines _nG-66 |
||
| 260 |
_aRisalpur _bNUST _c2009 |
||
| 300 |
_axvi, 180 p. _ewith CD |
||
| 500 | _aBE project reports AE | ||
| 942 |
_aCAE NUST _kPR 252 |
||
| 999 |
_c322997 _d322997 |
||